Statistiques concernant Quiz Harry Potter

Cliquez ici pour prendre le quiz!

Statistiques générales

  • Ce quiz a été pris 2 929 fois
  • Le résultat moyen est 23 sur 24

Statistiques - réponses

PrénomsNoms% Correct
Harry | James | LilyPotter
100%
SiriusBlack
98%
HermioneGranger
98%
Bill | Charlie | Fred | +4 othersWeasley
98%
RubeusHagrid
95%
SeverusRogue
95%
Dudley | Pétunia | VernonDursley
94%
AlbusDumbledore
93%
RemusLupin
89%
MinervaMcGonagall
87%
TomJedusor
87%
BellatrixLestrange
87%
AlastorMaugrey
84%
DragoMalefoy
81%

Distribution des résultats

Percentile par nombre de réponses

% des personnes avec chaque résultat

Votre développement - résultats

Vous n’avez pas pris ce quiz